[Event "Olympiad-36"]
[Site "Mallorca"]
[Date "2004.10.19"]
[Round "5"]
[White "Ricardi, Pablo"]
[Black "Pedersen, Nicolai Vesterbaek"]
[Result "1-0"]
[WhiteElo "2548"]
[BlackElo "2466"]
[Annotator "Ribli,Z"]
[PlyCount "103"]
[EventDate "2004.10.15"]
[EventType "team-swiss"]
[EventRounds "14"]
[EventCountry "ESP"]
[SourceTitle "CBM 104"]
[Source "ChessBase"]
[SourceDate "2005.01.27"]
[SourceVersion "1"]
[SourceVersionDate "2005.01.27"]
[SourceQuality "1"]
[WhiteTeam "Argentina"]
[BlackTeam "Denmark"]
[WhiteTeamCountry "ARG"]
[BlackTeamCountry "DEN"]

1. Nf3 Nf6 2. g3 d5 3. c4 e6 4. b3 Be7 5. Bg2 a5 {Eine selten gespielte
Fortsetzung - Schwarz kann in einigen Varianten a5-a4 ziehen. Aber ich
empfehle diesen Aufbau nicht, die klassische Fortsetzung mit 5...0-0 und 6...
b6 und 7...Bb7 erscheint mir einfacher und besser.} 6. Nc3 c6 (6... d4 7. Nb5
$14 (7. Na4)) 7. O-O (7. d4 Bb4 8. Bb2 Ne4 9. Qc2 a4 $132) 7... d4 (7... O-O 8.
Bb2 (8. d4 $5 $14 {-> E06}) (8. e3 b5 9. cxb5 cxb5 10. Nxb5 Ba6 11. a4 Qb6 12.
Nfd4 Rc8 13. Bb2 Nbd7 14. Re1 Ne4 15. Bf1 Bf6 16. Rb1 $14 {1/2-1/2 Lerner,
K-Epishin,V/Graz 1997/EXT 2000 (71)}) 8... b6 (8... Nbd7 9. Rc1 (9. d4 $5) 9...
b6 10. d3 Bb7 11. e4 dxe4 12. dxe4 e5 13. Qc2 Re8 14. Rfd1 Qc7 15. Bh3 Bf8 16.
Rd2 Nc5 17. Rcd1 g6 18. a3 {1-0 Obukhov,A-Poluljahov,A/St Petersburg RUS 2001/
(33)}) (8... d4 9. Na4 c5 10. e3 Nc6 11. exd4 cxd4 12. Re1 Rb8 13. d3 b5 14.
cxb5 Rxb5 15. Rc1 Bb7 16. Rc4 e5 $13 {1-0 Kozul,Z-Zaja,I/Bled SLO 2001/(43)})
9. d3 Ba6 10. e4 Ra7 11. e5 Nfd7 12. Re1 b5 13. Bf1 bxc4 14. dxc4 dxc4 15. Bxc4
Bxc4 16. bxc4 Nc5 17. Ba3 Rd7 18. Qe2 Nba6 {1/2-1/2 Valkesalmi,K-Virtanen,A/
FIN-chT 1994/EXT 98 (25)}) 8. Na4 b5 (8... O-O) 9. Nb2 b4 (9... Bb7 10. e3 dxe3
11. fxe3 $14) 10. Na4 {[%csl Ga4] Endlich hat Weiß wieder die Herrschafft über
den Festpunkt-a4. Schwarz hat einige Felderschwächen am Damenflügel.} Ra7 (
10... Bb7 11. e3 $14) 11. e3 dxe3 (11... c5 {Nach 10...Ra7 wäre das die
konsequente Fortsetzung.} 12. exd4 cxd4 13. d3 $14) 12. dxe3 $14 (12. fxe3 $14)
12... Qc7 13. e4 $1 {[%cal Gc1f4,Gf4b8]} Nfd7 (13... Nxe4 14. Qd4 f5 (14... Bf6
$2 15. Qxe4 Bxa1 16. Bf4 $18) (14... Nf6 15. Bf4 $36) 15. Qxg7 Bf6 16. Qxc7
Rxc7 17. Bf4 $14) 14. e5 c5 15. Re1 (15. Qe2 $14) 15... Nb6 (15... O-O $142 $5)
16. Nxb6 Qxb6 17. Ng5 $36 Bb7 (17... O-O 18. Qh5 Bxg5 19. Bxg5 Bb7 20. Qg4 $16
{[%cal Gg4g8]}) 18. Ne4 O-O 19. Qh5 (19. Qg4 $36) 19... Bxe4 20. Rxe4 Rd8 {[#]}
21. Bh6 $5 {Ein interessanter "Läuferentwicklungszug" - der e5P bietet Weiß
Raumvorteil und Unterstützung ür die Initiative am Königsflügel.} Rd4 $6 (21...
gxh6 $5 22. Qxh6 (22. Rg4+ Kf8 23. Qxh6+ Ke8 24. Qxh7 $13) 22... Rd4 $1 (22...
f5 23. exf6 Bf8 24. Qg5+ Kh8 25. Rae1 $36) 23. Rxd4 cxd4 24. Be4 f5 (24... Bc5
25. Bxh7+ Kh8 26. Bd3+ Kg8 27. Re1 $18 {[%cal Re1e4,Re4g4,Rg4g8]}) 25. Bxf5 (
25. exf6 Bf8) 25... Bc5 26. Bxe6+ Kh8 27. Qf6+ Rg7 $13) 22. Qg4 g6 (22... Bf8
23. Be3 $14) 23. Be3 Rxe4 24. Qxe4 {[%csl Ge3,Gg2][%cal Gg2a8] Weiß hat das
Läuferpaar und kontrolliert die Diagonale h1-a8.} (24. Bxe4 Nd7 $11) 24... a4 (
24... Nd7 25. Rd1 $16) 25. Rd1 axb3 26. axb3 Rc7 (26... Rd7 27. Rxd7 Nxd7 28.
Qa8+ Qd8 29. Qxd8+ Bxd8 30. f4 $14) 27. h4 Nc6 {[#]} 28. Rd6 $5 $16 {[%mdl 512]
Ein schönes Qualitätsopfer, wonach das weiße Läuferpaar ausgezeichnete
Aktivität bekommt.} (28. h5 $16) 28... Bxd6 29. exd6 Rc8 30. d7 Rc7 31. Qxc6 (
31. Bg5 Rxd7 32. Qxc6 Qxc6 33. Bxc6 $14) 31... Rxc6 32. Bxc6 {[%cal Re3g5,
Rg5d8]} Kg7 33. Ba4 {[%mdl 4096] Schwarz hat die Dame gegen das Läuferpaar.
Alles ist in der weißen Stellung verteidigt, es droht jetzt 34.Bxc5 und
Schwarz hat keine Verteidigung.} (33. Bxc5 Qxc5 34. d8=Q Qxc6 35. Qd4+ Kf8 36.
c5 $16) 33... e5 34. Bxc5 Qd8 35. Ba7 (35. Bxb4 $18) (35. Bd6 $18) 35... e4 36.
Kg2 {Weiß spielt nicht 36.c5, weil in diesem Fall der a7B aus dem Spiel wäre.}
(36. c5 e3 37. fxe3 Qe7 38. Kf2 Qf6+ 39. Ke2 Qb2+ (39... Qa6+ 40. Kd2 $18) 40.
Kd3 Qc3+ 41. Ke4 $18) 36... Qf6 37. Be3 {[%cal Gc4c5,Gc5c6]} h6 38. c5 g5 39.
c6 $18 {Die weißen verbundenen Freibauern entscheiden mit der Unterstützung
des Läuferpaars die Partie.} gxh4 40. Bf4 {Weiß muss vorsichtig sein, sonst
bekommt Schwarz Gegenchancen am Königsflügel.} (40. c7 $2 Qf3+ (40... h3+ 41.
Kxh3 Qf3 $11) 41. Kh2 h3 42. Kxh3 Qh1+ 43. Kg4 Qf3+ $11 {Schwarz kann, wenn er
will, Dauerschach geben.} (43... Kg6 44. Bd4 Qc1 45. Kh3 f5 46. Kg2 Qxc7 47.
Bc5 $13 (47. Be5 $13))) (40. gxh4 $18) 40... e3 41. Bxe3 (41. fxe3 $18) 41...
hxg3 42. fxg3 (42. c7 $18) 42... Qe7 43. Kf3 Qf6+ 44. Ke4 {[%csl Ge4] Der
König will zum Damenflügel, Weiß kann das Dauerschach leicht vermeiden.} Qg6+
45. Kd4 Qc2 46. Kd5 Qf5+ 47. Kc4 Qe6+ 48. Kb5 (48. Kxb4 $18) 48... Qe5+ 49. Bc5
Qd5 50. Kb6 h5 51. c7 Qe6+ 52. Bc6 1-0

[Event "United Insurance 4th"]
[Site "Dhaka"]
[Date "1999.02.20"]
[Round "2"]
[White "Szekely, Peter"]
[Black "Rahman, Ziaur"]
[Result "0-1"]
[WhiteElo "2444"]
[BlackElo "2498"]
[Annotator "Ribli,Z"]
[PlyCount "96"]
[EventDate "1999.02.19"]
[EventType "tourn"]
[EventRounds "13"]
[EventCountry "BAN"]
[EventCategory "10"]
[SourceTitle "CBM 070"]
[Source "ChessBase"]
[SourceDate "1999.06.08"]
[SourceVersion "1"]
[SourceVersionDate "1999.06.08"]
[SourceQuality "1"]

{[%mdl 96]} 1. Nf3 d5 2. c4 e6 3. g3 dxc4 {Meines Erachtens ist dieser Zug
noch präziser als 3...Nf6. Schwarz strebt nach schneller Entwicklung am
Damenflügel. Ribli.} 4. Qa4+ c6 5. Qxc4 b5 6. Qc2 (6. Qb3 Bb7 7. Bg2 Nd7 8. d4
Ngf6 9. O-O a6 10. a4 c5 11. axb5 Bd5 12. Qc2 Be4 13. Qb3 Bd5 14. Qc2 axb5 15.
Rxa8 Qxa8 16. Nc3 Bc6 17. e4 Nxe4 18. Ne5 Nxe5 19. Nxe4 Nd7 20. dxc5 Nxc5 21.
Re1 Be7 {0-1 Sommerbauer,N-Pavasovic,D/ol (men), Elista RUS 1998 (37)}) 6...
Bb7 7. Bg2 Nd7 (7... Nf6 8. O-O (8. a4) 8... Be7 9. b3 O-O 10. Bb2 Nbd7 11. d3
Rc8 (11... c5 12. Nbd2 Qb6 13. Rac1 Rac8 14. Qb1 Rfd8 15. Qa1 a6 $10 {Horvath,
J-Matlak,M/Oderheiu zt/1995/CBM47/}) 12. Nbd2 Nd5 13. a3 a6 14. Rac1 c5 15. Qb1
Bf6 (15... Qb6 16. Qa1 Bf6 $10) 16. Rc2 Bxb2 17. Qxb2 Qb6 {1/2-1/2 Serper,
G-Rahman,Z/Dhaka 1995/CBM 48/[Ribli] (47)}) 8. O-O (8. b3 Ngf6 9. Bb2 Be7 10.
O-O Rc8 11. d3 O-O 12. Nbd2 c5 (12... Qb6 13. e4 c5 14. Rab1 Rfd8 15. a3 Nb8 {
1/2-1/2 Minasian,A-Luther,T/ol (men), Elista RUS 1998 (15)}) 13. Rac1 Qb6 14.
Qb1 Rfd8 15. Qa1 Nb8 (15... a6 $10 {Horvath,J-Matlak,M/Oderheiu zt/1995/CBM47/}
) 16. Rc2 Ne8 17. Rfc1 Bf8 18. a3 Nd6 19. e3 Nd7 20. d4 Ne4 21. dxc5 Ndxc5 22.
b4 Nxd2 23. Nxd2 Bxg2 24. Kxg2 Qb7+ 25. Kg1 Nd3 {0-1 Minnebo,A-Luther,T/Asti
1996/EXT 97 (70)}) 8... Rc8 9. d3 (9. d4 c5 $11 {[%cal Gc8c2] Die schwarze
Stellung ist bequem, während die weiße Dame auf c2 etwas unglücklich steht.})
9... Ngf6 10. b3 Bd6 (10... Be7) 11. Bb2 O-O 12. Nbd2 Re8 $11 {Schwarz hat
keine Eröffnungsprobleme. Mit späterem ...c6-c5 gelangt er in eine harmonische
Stellung ohne Schwächen.} (12... c5 $11) 13. Rac1 (13. Ng5 $5 {[%cal Gg5e4,
Gg2b7]}) 13... c5 14. Qb1 e5 {Dank seiner starken Zentrumsstellung
kontrolliert Schwarz mehr Raum. Die weiße Stellung ist etwas passiv, aber ohne
Schwächen.} 15. Qa1 Qb6 16. a3 $6 {Dieser schablonenhafte Abwartezug schwächt
den weißen Damenflügel.} (16. Bh3 Rc7 17. Ng5 $5) 16... Ng4 $1 {Schwarz
provoziert den Zug 17.h3 und droht gleichzeitig mit ...f7-f5.} (16... e4 $2 17.
dxe4 Nxe4 18. Nxe4 Bxe4 19. Bxg7) 17. h3 (17. Bh3 h5 $5) 17... Nh6 18. e4 {
Ohne diesen Zug kommt Weiß nicht aus, sonst erlangt Schwarz gefährliche
Initiative am Königsflügel.} f6 {[%csl Yd4][%cal Gh6f7,Gf7d8,Gd8e6,Ge6d4,Gd8c6,
Gc6d4] Schwarz möchte die Stellung seines Springers verbessern.} 19. Bc3 Nf7
20. Qa2 {[%cal Ga2g8]} Bf8 21. Rfd1 (21. b4 {[%cal Ga2g8]} Qe6 22. Qxe6 Rxe6
$15 {[%csl Rd3]}) 21... Qe6 {[%csl Ra2,Ge6][%cal Ge6a2]} 22. Qb1 Nb6 $15 {
Die schwarzen Figuren koordinieren gut, während Weiß auf d3, b3 und d4
Schwächen in seiner Bauernstruktur hat.} 23. Bb2 Nd8 {[%cal Gd8c6,Gc6d4]} 24.
Kh2 Nc6 25. h4 $5 {[%cal Rg2h3,Rh3c8] Der eingeschlossene weiße Läufer kommt
auf der Diagonalen h3-c8 ins Spiel.} Rcd8 {[%cal Gd8d3]} 26. Ba1 Qf7 27. Bh3
Bc8 $1 28. Bg2 (28. Bxc8 Rxc8 $15 {Und Schwarz plant in der d-Linie zu
verdoppeln.}) 28... Be6 {[%csl Ge6][%cal Gf7b3,Gc6a5,Ga5b3]} 29. b4 {[%cal
Gc1c6]} Na4 $5 $17 {[%csl Ga4]} (29... c4 30. dxc4 bxc4 (30... Nxc4 31. Nxc4
Bxc4 32. Rxd8 Rxd8 33. Rd1 Rxd1 34. Qxd1 a5 $15) 31. Nf1 $15) 30. bxc5 a6 31.
d4 $8 {Weiß muß im Trüben fischen, sonst kommt Schwarz mit 31...Bxc5 oder 31...
Nxc5 zu überlegenem Spiel.} exd4 32. e5 Ba2 (32... Nxe5 $5 33. Nxd4 Bxc5 34.
Nxe6 Ng4+ 35. Kg1 Bxf2+ 36. Kh1 Qxe6 $19) (32... fxe5 $4 33. Ng5 $18 {[%csl
Gg5][%cal Rg2c6,Rb1h7,Rg5f7]}) 33. Qf5 (33. Qe4 Nxe5 34. Nxd4 Bxc5 $19 {
[%csl Re4]}) 33... Nxe5 34. Bxd4 (34. Nxd4 Bxc5 $17 {[%csl Rd4][%cal Gc5f2]})
34... g6 $1 35. Qc2 (35. Qf4 Nd3 {[%cal Rd3f4,Rd3c1]} 36. Qxf6 Qxf6 37. Bxf6
Rc8 $19 {[%csl Rc5][%cal Rd3c1,Rd3f2]}) 35... Nxf3+ 36. Nxf3 Bb3 {[%cal Rb3d1]
Schwarz gewinnt die Qualität, was vom weißen Läuferpaar nicht kompensiert wird.
} 37. Qb1 Bxd1 38. Rxd1 Nxc5 {Mit Bauern und Qualität mehr hat Schwarz
ausgezeichnete Gewinnchancen.} 39. Re1 Ne6 (39... Rxe1 40. Qxe1 Ne6 $19) 40.
Bb2 Bc5 {[%cal Rc5f2]} 41. Qa1 Ng7 (41... Bxf2 $5 42. Rf1 Bxg3+ 43. Kxg3 Qc7+
44. Kf2 Nf4 $19 {[%csl Rf2]}) 42. Rc1 (42. Bxf6 Rxe1 43. Nxe1 Rd7) 42... Bxf2
43. Bxf6 Bxg3+ $1 $19 {Dieser schöner Zug entscheidet die Partie.} 44. Kh1 (44.
Kxg3 Nh5+ $19 {[%cal Rh5g3,Rh5f6]} (44... Qxf6 45. Qxf6 Nh5+ $19 {[%cal Rh5g3,
Rh5f6]})) 44... Bf4 {Neben dem materiellen Nachteil ist jetzt auch die weiße
Königsstellung schwach.} 45. Rc6 Qb3 {[%csl Ra1,Rh1][%cal Rd8d1,Rd1a1,Rd1h1]}
46. Nd4 Qg3 {[%csl Rh1][%cal Rg3h2]} 47. Qa2+ Kh8 48. Bf1 Re1 {Und Weiß gab in
völlig hoffnungsloser Stellung auf.} (48... Re1 49. Bxg7+ Kxg7 50. Ne6+ (50.
Nf5+ gxf5 51. Qb2+ Be5 $19) 50... Kh6 $19) 0-1

[Event "Julian Borowski 1st"]
[Site "Essen"]
[Date "1999.03.27"]
[Round "1"]
[White "Fridman, Daniel"]
[Black "Lobron, Eric"]
[Result "1/2-1/2"]
[WhiteElo "2529"]
[BlackElo "2553"]
[Annotator "Ribli,Z"]
[PlyCount "77"]
[EventDate "1999.03.??"]
[EventType "tourn"]
[EventRounds "9"]
[EventCountry "GER"]
[EventCategory "14"]
[SourceTitle "CBM 071"]
[Source "ChessBase"]
[SourceDate "1999.08.01"]
[SourceVersion "1"]
[SourceVersionDate "1999.08.01"]
[SourceQuality "1"]

{[%mdl 320]} 1. Nf3 Nf6 2. c4 e6 3. g3 a6 {Der deutsche GM Lobron pflegt einen
aggressiven Stil. Daher verwundert es nicht, daß er die Romanishin-Variante
spielt. Ribli.} 4. Bg2 b5 5. b3 {Das ist meines Erachtens die beste weiße
Möglichkeit.} c5 6. O-O Bb7 7. Nc3 b4 {Mit diesem Zug gewinnt Schwarz Raum am
Damenflügel, aber der Springer findet ein gutes Feld auf a4 und der schwarze
Damenflügel verliert seine Elastizität.} (7... Qb6 8. e3 Be7 9. Qe2 O-O (9...
Ne4 10. Nxe4 Bxe4 11. Bb2 bxc4 (11... O-O 12. d3 Bb7 13. d4 $5 d6 14. dxc5 Qxc5
15. Bd4 $6 (15. Rfc1 $14) 15... Qh5 16. cxb5 axb5 17. Rfc1 Nc6 18. Bb2 Rfb8 19.
e4 b4 20. Qe3 Qh6 $3 21. Qxh6 gxh6 22. Nd2 Ne5 {><d3} 23. Bf1 Bf6 24. Bd4 Rc8
$1 $17 {Akopian,V-Chiburdanidze,M/Luzern 72/(9) 1997/[Chiburdanidze,M] (24)})
12. Qxc4 Qb7 13. Qe2 O-O 14. d3 Bc6 15. e4 d6 16. Nd2 Nd7 17. f4 a5 18. f5 exf5
19. Rxf5 Ne5 20. Nc4 {1/2-1/2 Bischoff,K-Giorgadze,G/Lippstadt 1998/EXP 65 (20)
}) 10. Bb2 d5 11. cxb5 axb5 12. Qxb5 Qc7 13. Qe2 Nc6 14. Rfc1 Ba6 15. Qd1 e5
16. d4 e4 {0-1 Fridman,D-Shabalov,A/Europe vs Americas, Mermaid Beach BER 1998
(35)}) 8. Na4 d6 9. a3 a5 (9... bxa3 10. Bxa3 Qc7 11. d4 Nbd7 12. Rc1 Be7 13.
e3 O-O 14. Nd2 Rab8 15. Qe2 Bxg2 16. Kxg2 Qa7 17. Bb2 Qb7+ 18. Qf3 Qxf3+ 19.
Kxf3 Rfc8 20. dxc5 Nxc5 21. Nxc5 Rxc5 {1/2-1/2 Magerramov,E-Plachetka,J/Trnava
1981/MCD-r8 (21)}) 10. d4 Nbd7 {Dieser natürliche Zug ist besser als die
Aufgabe der Spannung im Zentrum.} (10... cxd4 11. Nxd4 Bxg2 12. Kxg2 Qc7 13.
Kg1 Be7 14. axb4 axb4 15. Bf4 e5 16. Nb5 Qc6 17. Bg5 Nbd7 18. Bxf6 Nxf6 19. Nb2
Rxa1 20. Qxa1 O-O 21. Nd3 $14 {1-0 Landenbergue,C-Kaenel,H/SWZ-ch 1993/TD
93\10 (35)}) 11. dxc5 (11. Bb2 Be7 12. Nd2 Bxg2 13. Kxg2 $11) 11... dxc5 $11 {
Die Bauernstellung ist symmetrisch, Schwarz hat etwas Raumvorteil am
Damenflügel und der weiße Springer steht fest, aber ein wenig unglücklich auf
a4.} 12. Bf4 Be7 13. Ne5 {Weiß strebt nach Vereinfachungen. Prinzipiell ist es
logisch, daß er den aktiven schwarzen Damenläufer abtauschen möchte, aber ich
denke es wäre besser, sich zuerst die Herrschaft über die d-Linie zu sichern.}
(13. Qc1 $5 O-O 14. Rd1 {[%cal Gd1d8]}) 13... Bxg2 14. Kxg2 Ra6 $5 {[%cal
Ga6d6,Gd6d1,Gd8a8,Ga8g2] Ein vielseitiger Zug. Schwarz verteidigt sich gegen
15.Nc6, bereitet ...Rd6 vor und schafft Platz für die Dame auf a8.} (14... Qc8
$5 $11) (14... O-O $2 15. Nc6 Qe8 16. Nxe7+ Qxe7 17. Bd6 $18) 15. Qd3 (15. Nxd7
Nxd7 $11) 15... g5 {Schwarz schwächt freiwillig seine Königsstellung, klärt
aber so die Lage im Zentrum.} (15... Nh5 16. Qxd7+ Qxd7 17. Nxd7 Nxf4+ 18. gxf4
Kxd7 $11) (15... O-O 16. Nxd7 Nxd7 17. Rfd1 $14) (15... Rd6 16. Qf3 $14 {
[%csl Rd6]}) 16. Nxd7 Nxd7 17. Bc1 {[%cal Gc1b2,Gb2h8] Der Läufer strebt in
die lange Diagonale.} (17. Be3 Qc7 $11) 17... Rd6 18. Qf3 {Weiß hat eine feste
Stellung, während die schwarze Stellung einige Schwächen, besonders in der
Königsstellung, aufweist. Auch Weiß hat Probleme. Sein Springer a4 steht
passiv.} O-O 19. Bb2 f5 $1 $13 {Schwarz beabsichtigt g5-g4 mit Raumgewinn am
Königsflügel. Die scheinbar schwache Königsstellung des Schwarzen ist in
Wirklichkeit nicht angreifbar.} 20. axb4 axb4 21. Rad1 Nf6 {[%cal Gf6e4] Der
schwarze Springer strebt nach e4.} (21... Ne5 22. Rxd6 (22. Bxe5 $2 Rxd1 $17)
22... Qxd6 23. Bxe5 Qxe5 $11) 22. Bxf6 $5 {Eine gute Entscheidung. Weiß muß
tauschen, sonst gelangt der Springer nach e4.} (22. e3 Ne4 {[%csl Ge4]} 23.
Rxd6 Qxd6 24. Rd1 g4 25. Qe2 Qc6 $40) 22... Bxf6 (22... Rxd1 $2 23. Rxd1 Qxd1
24. Bxe7) 23. e3 {[%cal Gf3d1]} (23. e4 $2 Bd4 $15 {[%csl Gd4]}) 23... g4 24.
Qe2 Qc7 25. Rxd6 Qxd6 26. Rd1 {Schwarz hat Raumvorteil und etwas Initiative am
Königsflügel, aber die Herrschafft über die d-Linie bietet Weiß Gegenchancen.}
Qc6+ 27. Kg1 h5 $5 $15 {Es gibt (noch) keine Einbruchsfelder für Weiß in der
d-Linie, während Schwarz seine Stellung am Königsflügel verbessert.} 28. Qd3 {
[%cal Gd1d7]} h4 29. gxh4 {Dieser Zug sieht zwar nicht schön aus, aber Weiß
sollte nicht auf ...h4-h3 warten.} (29. Qd6 $2 Rd8 30. Qxc6 Rxd1+ 31. Kg2 h3#)
(29. Qd7 $2 Rd8) 29... Bxh4 (29... Rd8 30. Qe2 Rxd1+ 31. Qxd1 Bxh4 32. Qf1 {
[%cal Gf1g2]} Qd6 $15) 30. Qf1 $6 {[%cal Gf1g2,Gg2c6] Weiß plant 31.Qg2, aber
das scheint mir zu passiv zu sein.} (30. Qd6 $5 $11) 30... Qf3 31. Rd2 f4 32.
Qd3 $8 {[%cal Rd3g6,Rg6g8] Dieser Damenzug rettet die Partie. Es droht
Dauerschach auf g6 und h6.} Rf5 (32... Kg7 $2 33. Nxc5 {[%cal Rc5e6,Re6g7,
Re6f8]} fxe3 34. Qxe3 $16) 33. Qd7 fxe3 (33... Rf7 $6 34. Qxe6 fxe3 35. Qxe3
$14) (33... Qe4 $2 34. Nxc5 Rxc5 (34... Qb1+ 35. Rd1 $18) 35. Qe8+ Kg7 36. Rd7+
$18 {[%csl Rg7]}) 34. Qe8+ Rf8 (34... Kg7 $5 35. Rd7+ Rf7 (35... Kh6 36. Qxe6+
(36. Qh8+ Kg5 $19 {[%csl Gg5] Interessant. Weiß hat kein Dauerschach.}) 36...
Rf6 37. Qxe3+ Qxe3 38. fxe3 Bf2+ 39. Kg2 Bxe3 $11) 36. Rxf7+ Qxf7 37. Qxf7+
Kxf7 38. fxe3 $11) 35. Qg6+ (35. Qxe6+ $5 Rf7 36. Qxe3 $14 Qxe3 37. fxe3 Bg5
$132) 35... Kh8 36. Qh6+ Kg8 37. Qg6+ (37. Qxe6+ $5) 37... Kh8 38. Qh6+ Kg8 39.
Qg6+ 1/2-1/2